000 01001cam a2200217 i 4500
999 _c9754
_d9754
003 OSt
005 20220302155757.0
008 150504s2015 caua b 001 0 eng
020 _a9781593276133
082 0 0 _a724
_223
_bALP
100 1 _aAlphin, Tom,
_eauthor.
245 1 4 _aThe LEGO architect /
_cby Tom Alphin.
300 _avi, 186 pages :
_billustrations ;
_c24 cm
504 _aIncludes bibliographical references (page 183) and index.
505 0 _aNeoclassical -- Prairie -- Art deco -- Modernism -- Brutalism -- Postmodern -- High-tech -- Builder's guide.
520 _a"Uses LEGO models to explore Neoclassical, Art Deco, Brutalist, Modernist, and other architectural styles. Each chapter includes a discussion of the architectural movement, photographs of famous real-life buildings, and a gallery of LEGO models, with step-by-step building instructions"--
650 0 _aArchitectural models.
650 0 _aArchitecture, Modern
_xThemes, motives.
650 0 _aLEGO toys.
942 _2ddc